| Tag |
First Indicator |
Second Indicator |
Subfields |
| LEADER |
00000cam a2200000 4500 |
| 001 |
in00000028326 |
| 005 |
20151007061408.0 |
| 008 |
740321s1955 nyu 00000 eng u |
| 010 |
|
|
|a 55004167
|
| 035 |
|
|
|a (OCoLC)00837796
|
| 035 |
|
|
|9 AAD1968AM
|
| 040 |
|
|
|c COO
|d TXA
|d UtOrBLW
|
| 041 |
1 |
|
|a eng
|a fre
|
| 049 |
|
|
|a TXAM
|c [281191]
|
| 050 |
0 |
0 |
|a ML270.2
|b .L4
|
| 092 |
|
|
|a 780.944
|b L644m
|
| 100 |
1 |
|
|a Lesure, François.
|
| 245 |
1 |
0 |
|a Musicians and poets of the French Renaissance /
|c Translated from the French by Elio Gianturco and Hans Rosenwald.
|
| 264 |
|
1 |
|a New York :
|b Merlin Press,
|c [1955]
|
| 300 |
|
|
|a 123 pages ;
|c 17cm.
|
| 336 |
|
|
|a text
|b txt
|2 rdacontent
|
| 337 |
|
|
|a unmediated
|b n
|2 rdamedia
|
| 338 |
|
|
|a volume
|b nc
|2 rdacarrier
|
| 490 |
0 |
|
|a Merlin music books, 4
|
| 500 |
|
|
|a No. 639 of limited edition of 1500 copies.
|
| 536 |
|
|
|a From the Howard Mayer Brown, Edward Downes and Mary Schieffelin Book Collections, October 2004.
|
| 650 |
|
0 |
|a Music
|z France
|x History and criticism.
|
| 650 |
|
0 |
|a French poetry
|y 16th century.
|
| 650 |
|
0 |
|a Literature, Modern
|y 15th and 16th centuries.
|
| 999 |
|
|
|a MARS
|
| 999 |
f |
f |
|s 61be2acc-86b5-320c-b2fb-425d891cdb37
|i ac79008f-39f2-397d-9b1e-bec35519869a
|t 0
|
| 952 |
f |
f |
|p normal
|a Texas A&M University
|b College Station
|c Sterling C. Evans Library
|d Evans: Library Stacks
|t 0
|e ML270.2 .L4
|h Library of Congress classification
|i unmediated -- volume
|m A14801168882
|
| 952 |
f |
f |
|p storage
|a Texas A&M University
|b J.J. Pickle Campus
|c High Density Repository
|d Remote Storage
|t 0
|e ML270.2 .L4
|h Library of Congress classification
|i unmediated -- volume
|m A14831658435
|
| 998 |
f |
f |
|a ML270.2 .L4
|t 0
|l Remote Storage
|
| 998 |
f |
f |
|a ML270.2 .L4
|t 0
|l Evans: Library Stacks
|